Muqarnas : an annual on the visual cultures of the Islamic world. Volume 26 /

Muqarnas is sponsored by The Aga Khan Program for Islamic Architecture at Harvard University and the Massachusetts Institute of Technology, Cambridge, Massachusetts. Muqarnas 26 contains articles on a variety of topics that span and transcend the geographic and temporal boundaries that have traditio...

وصف كامل

محفوظ في:

مؤلفون مشاركون: Aga Khan Program for Islamic Architecture., Massachusetts Institute of Technology.

مؤلفون آخرون: Necipoğlu, Gülru.

التنسيق: كتاب الكتروني

اللغة: English
Persian

منشور في: Leiden ; Boston : Brill, 2009.

سلاسل: Muqarnas 26.
Middle East and Islamic Studies E-Books Online, Collection 2009, ISBN: 9789004223042.

الموضوعات:

الوصول للمادة أونلاين: Login to view Source

الوسوم: إضافة وسم

لا توجد وسوم, كن أول من يضع وسما على هذه التسجيلة!

رقم الطلب: N6260 .M83 2009

LEADER 04043nam a2200517 i 4500
001 BRILL9789047429333
003 nllekb
005 20211118221403.0
006 m d
007 cr un uuuua
008 090723s2009 ne abe sb 000 0 eng
015 |a GBA982728  |2 bnb 
016 7 |a 015352938  |2 Uk 
020 |a 9789047429333  |q (electronic book) 
020 |z 9789004175891  |q (print) 
024 7 |a 10.1163/ej.9789004175891.i-386  |2 DOI 
035 |a (OCoLC)432409585 
040 |a NL-LeKB  |c NL-LeKB  |e rda 
041 1 |a eng  |a per  |h per 
050 4 |a N6260  |b .M83 2009 
082 0 4 |a 700.88297  |2 22 
245 0 0 |a Muqarnas :  |n Volume 26 /  |b an annual on the visual cultures of the Islamic world.  |c editor, Gülru Necipoğlu. 
264 1 |a Leiden ;  |a Boston :  |b Brill,  |c 2009. 
300 |a 1 online resource. 
336 |a text  |b txt  |2 rdacontent 
337 |a computer  |b c  |2 rdamedia 
338 |a online resource  |2 rdacarrier 
490 0 |a Brill eBook titles 2009 
500 |a "Sponsored by the Aga Khan Program for Islamic Architecture at Harvard University and the Massachusetts Institute of Technology, Cambridge, Massachusetts." 
504 |a Includes bibliographical references. 
505 0 0 |t Preliminary Material /  |r G. Necipoğlu and K Leal --   |t The Byzantine Heritage In The Dār Al-Islām: Churches And Mosques In Al-Ruha Between The Sixth And Twelfth Centuries /  |r Mattia Guidetti --   |t The Umayyad Mosque Of Tiberias /  |r Katia Cytryn-Silverman --   |t The Shrine Of Nasir Khusraw: Imprisoned Deep In The Valley Of Yumgan /  |r Marcus Schadl --   |t An Early Seventeenth-Century Palace Complex (Dawlatkhāna) In Balkh /  |r R. D. Mcchesney --   |t The Writing On The Wall: Reading The Decoration Of The Alhambra /  |r Olga Bush --   |t The Jalayirid Connection In Mamluk Metalware /  |r Doris Behrens-Abouseif --   |t Imari Porcelain In Morocco /  |r Nadia Erzini and Stephen Vernoit --   |t Al-Sufi And Son: Ibn Al-Sufi'S Poem On The Stars And Its Prose Parent /  |r Moya Carey --   |t Reconciliation Or Estrangement? Colophon And Paintings In The Tιem Ẓafarnāma And Some Other Controversial Manuscripts /  |r Bernard O'Kane --   |t Between Logos (Kalima) And Light (Nūr): Representations Of The Prophet Muhammad In Islamic Painting /  |r Christiane Gruber --   |t The Production Of The Şehnāme-I Selīm Ḫān /  |r Fetvaci and Emine Fetvaci --   |t Under The Peacock Throne: Carpets, Felts, And Silks In Persian Painting, 1736-1834 /  |r Hadi Maktabi --   |t Sabra Al-Mansuriyya And Her Neighbors During The First Half Of The Eleventh Century: Investigations Into Stucco Decoration /  |r Marianne Barrucand† and Mourad Rammah --   |t Cumulative (Chronological) Index Of Articles, Muqarnas I-XXV /  |r G. Necipoğlu and K Leal. 
506 1 |a Available to subscribing member institutions only. 
520 |a Muqarnas is sponsored by The Aga Khan Program for Islamic Architecture at Harvard University and the Massachusetts Institute of Technology, Cambridge, Massachusetts. Muqarnas 26 contains articles on a variety of topics that span and transcend the geographic and temporal boundaries that have traditionally defined the history of Islamic art and architecture. Contributors include Robert McChesney, Mattia Guidetti, Marcus Schadl, Christian Gruber, Katia Cytryn-Silverman, Doris Abouseif, Olga Bush, Emine Fetvaci, Moya Carey, Bernard O'Kane, Hadi Maktabi, Nadia Erzini and Stephen Vernoit. 
650 0 |a Islamic architecture. 
650 0 |a Islamic art. 
700 1 |a Necipoğlu, Gülru. 
710 2 |a Aga Khan Program for Islamic Architecture. 
710 2 |a Massachusetts Institute of Technology. 
776 0 |t Muqarnas  |z 9789004175891 (hbk. : alk. paper)  |z 900417589X (hbk. : alk. paper) 
830 0 |a Muqarnas  |v 26. 
830 0 |a Middle East and Islamic Studies E-Books Online, Collection 2009, ISBN: 9789004223042. 
856 4 |z DOI:   |u http://dx.doi.org/10.1163/ej.9789004175891.i-386 
942 |2 lcc  |c EBOOK 
952 |0 0  |1 0  |2 lcc  |4 0  |7 1  |9 22285  |a BRILL  |b BRILL  |d 2021-11-18  |l 0  |r 2021-11-18 00:00:00  |w 2021-11-18  |y EBOOK 
994 |a C0  |b NEIDC 
999 |c 39759  |d 39759